Подробности
| 000 -МАРКЕР |
| контрольное поле |
01395nam2a2200289 4500 |
| 001 - ИДЕНТИФИКАТОР ЗАПИСИ |
| контрольное поле |
RU\NLR\BIBL_A\022184447 |
| 005 - ИДЕНТИФИКАТОР ВЕРСИИ |
| контрольное поле |
20250128194045.0 |
| 035 ## - ДРУГИЕ СИСТЕМНЫЕ НОМЕРА |
| Идентификатор записи |
(NLR Aleph) 022184447 |
| 100 ## - ДАННЫЕ ОБЩЕЙ ОБРАБОТКИ |
| Данные общей обработки |
20240401d1959 e y0rusy50 ca |
| 101 0# - ЯЗЫК РЕСУРСА |
| Язык текста, звукозаписи и т.д. |
азербайджанский |
| Язык оригинала |
русский |
| 102 ## - СТРАНА ПУБЛИКАЦИИ ИЛИ ПРОИЗВОДСТВА |
| Страна публикации |
Азербайджан |
| 105 ## - ПОЛЕ КОДИРОВАННЫХ ДАННЫХ: ТЕКСТОВЫЕ МАТЕРИАЛЫ, МОНОГРАФИЧЕСКИЕ |
| Кодированные данные о монографическом текстовом документе |
a ||||||||| |
| 200 1# - ЗАГЛАВИЕ И СВЕДЕНИЯ ОБ ОТВЕТСТВЕННОСТИ |
| Основное заглавие |
орта мәктәбин 9-ҹу синфи үчүн |
| Первые сведения об ответственности |
К. В. Базилевич, проф., С. В. Бахрушин,проф., А. М. Панкратова, акад,, А. В. Фохт, дос. |
| Последующие сведения об ответственности |
ССРИ ЕА Тарих ин-ту |
| 205 ## - СВЕДЕНИЯ ОБ ИЗДАНИИ |
| Сведения об издании |
12-го изд. |
| 210 ## - ПУБЛИКАЦИЯ, РАСПРОСТРАНЕНИЕ И ДР. |
| Дата издания, распространения и т.д. |
1959 |
| 215 ## - ФИЗИЧЕСКАЯ ХАРАКТЕРИСТИКА |
| Специфическое обозначение материала и объем |
329,[3] с. |
| Другие сведения о физической характеристике |
ил. |
| 461 #0 - УРОВЕНЬ НАБОРА |
| Встроенное поле |
001RU\NLR\BIBL_A\022184282 |
| -- |
2001#$aССРИ тарихи$gред.: А. М. Панкратова, акад.$vII һис. |
| 701 #1 - ИМЯ ЛИЦА - АЛЬТЕРНАТИВНАЯ ОТВЕТСТВЕННОСТЬ |
| Начальный элемент ввода |
Базилевич |
| Часть имени, кроме начального элемента ввода |
К. В. |
| Даты |
1892-1950 |
| Расширение инициалов личного имени |
Константин Васильевич |
| Идентификатор авторитетной/нормативной записи |
RU\NLR\AUTH\770278682 |
| Код отношения |
Автор |
| 701 #1 - ИМЯ ЛИЦА - АЛЬТЕРНАТИВНАЯ ОТВЕТСТВЕННОСТЬ |
| Начальный элемент ввода |
Бахрушин |
| Часть имени, кроме начального элемента ввода |
С. В. |
| Даты |
1882-1950 |
| Расширение инициалов личного имени |
Сергей Владимирович |
| Идентификатор авторитетной/нормативной записи |
RU\NLR\AUTH\7718363 |
| Код отношения |
Автор |
| 701 #1 - ИМЯ ЛИЦА - АЛЬТЕРНАТИВНАЯ ОТВЕТСТВЕННОСТЬ |
| Начальный элемент ввода |
Панкратова |
| Часть имени, кроме начального элемента ввода |
А. М. |
| Даты |
1897-1957 |
| Расширение инициалов личного имени |
Анна Михайловна |
| Идентификатор авторитетной/нормативной записи |
RU\NLR\AUTH\770140521 |
| Код отношения |
Автор |
| 701 #1 - ИМЯ ЛИЦА - АЛЬТЕРНАТИВНАЯ ОТВЕТСТВЕННОСТЬ |
| Начальный элемент ввода |
Фохт |
| Часть имени, кроме начального элемента ввода |
А. В. |
| Даты |
1899-1972 |
| Расширение инициалов личного имени |
Анастасия Викторовна |
| Идентификатор авторитетной/нормативной записи |
RU\NLR\AUTH\770278695 |
| Код отношения |
Автор |
| 852 ## - МЕСТОНАХОЖДЕНИЕ И ШИФР ХРАНЕНИЯ |
| Идентификатор организации |
NLR |
| Наименование фонда или коллекции (Sub-Location Identifier) |
ОНЛ |
| Шифр хранения (Call Number) |
Азерб./3-5886 |
| 942 ## - ДОПОЛНИТЕЛЬНЫЕ ЭЛЕМЕНТЫ ЗАПИСИ (АБИС) |
| Тип экземпляра АБИС |
Книга |
| 980 ## - КОЛЛЕКЦИЯ |
| Название коллекции |
Каталог книг на языках народов РФ и стран СНГ |
| 980 ## - КОЛЛЕКЦИЯ |
| Название коллекции |
Национальная библиография |